000 00914nam0a22002531 4500
001 rc\4395869
005 20130416150344.4
021 _aRU
_b[59-4656]
035 _a(NLR Aleph) 008556162
090 _a8437035
_c8437035
100 _a20130416d1958 |||y0rusy50 ca
101 0 _arus
102 _aRU
105 _ay z |||||
200 1 _aОбластная партийная организация в борьбе за крутой подъем сельского хозяйства
210 _aСаратов
_cКн. изд-во
_d1958
215 _a52 с.
_d20
606 _aПартийные организации и их работа на селе
_yСаратовская область
_2psbo
700 1 _aДенисов
_bГ. А.
_f1909-
_gГеоргий Аполлинарьевич
801 0 _aRU
_bNLR
_gpsbo
801 1 _aRU
_bELAR
_2rusmarc
852 _aNLR
_j59-4/2690
942 _cBOOK
980 _aNB